[Event "Rostov na Donu"]
[Site "?"]
[Date "1993.??.??"]
[Round "?"]
[White "Psakhis, L."]
[Black "Tukmakov, V."]
[Result "1-0"]
[WhiteElo "2575"]
[BlackElo "2605"]
[PlyCount "80"]
[EventDate "1993.??.??"]
[Source "ChessBase"]
[SourceDate "1993.02.01"]

1. c4 c5 2. Nc3 Nf6 3. g3 d5 4. cxd5 Nxd5 5. Bg2 Nc7 6. Qb3 Nc6 7. Bxc6+ bxc6 8. Qa4 Qd7 9. Nf3 f6 10. d3 e5 11. Be3 Ne6 12. O-O Rb8 13. Rab1 h5 14. Ne4 Nd4 15. Bxd4 cxd4 16. Rfc1 Rb5 17. Rc2 a5 18. Rbc1 Bb7 19. Nh4 Rh6 20. b3 Qd5 21. Qc4 Kd7 22. Qxd5+ Rxd5 23. Nc5+ Bxc5 24. Rxc5 Rh8 25. Nf3 Rb8 26. Nd2 Ba8 27. R5c4 Kc7 28. Ne4 Rb4 29. Kg2 f5 30. Ng5 Kd6 31. f4 exf4 32. gxf4 c5 33. Kf2 Rb7 34. Ne4+ fxe4 35. dxe4 Rf7 36. exd5 Rxf4+ 37. Ke1 Rg4 38. Rxc5 Bxd5 39. Rxa5 Rg1+ 40. Kd2 Rg2 1-0

[Event "Cannes op2"]
[Site "Cannes FRA"]
[Date "1993.??.??"]
[Round "?"]
[White "Kosten, Anthony C"]
[Black "Pigusov, Evgeny A"]
[Result "1/2-1/2"]
[WhiteElo "2505"]
[BlackElo "2575"]
[PlyCount "81"]
[EventDate "1993.??.??"]
[Source "www.chesslib.no"]
[SourceDate "2004.05.04"]

1. c4 c5 2. Nc3 Nf6 3. g3 g6 4. Bg2 Bg7 5. e3 O-O 6. Nge2 Nc6 7. O-O e6 8. e4 d6 9. d3 a6 10. Rb1 Ne8 11. Be3 e5 12. a3 a5 13. Nd5 Be6 14. Nec3 Nc7 15. Bg5 Qxg5 16. Nxc7 Rac8 17. N7d5 Rb8 18. b4 axb4 19. axb4 cxb4 20. Nxb4 Bg4 21. h4 Qh5 22. f3 Bd7 23. Nbd5 Nd4 24. Ne2 Ba4 25. Qe1 Nxe2+ 26. Qxe2 Bc6 27. Ne7+ Kh8 28. Bh3 Bf6 29. Qd2 Kg7 30. Bg4 Qh6 31. Qxh6+ Kxh6 32. Nxc6 bxc6 33. Bd7 c5 34. Bc6 Kg7 35. Rb5 Rbc8 36. Bd5 Rc7 37. Rfb1 Rd8 38. Kg2 Ra7 39. Kh3 Rad7 40. Rb8 Be7 41. R1b3 1/2-1/2

[Event "Finjub30 GM2"]
[Site "Finjub30 GM2"]
[Date "1992.??.??"]
[Round "?"]
[White "DeMauro, Joseph A"]
[Black "Raety, Sakari"]
[Result "1-0"]
[WhiteElo "2610"]
[BlackElo "2440"]
[PlyCount "45"]
[EventDate "1992.??.??"]
[Source "www.chesslib.no"]
[SourceDate "2004.05.04"]

1. c4 c5 2. Nc3 Nf6 3. g3 d5 4. cxd5 Nxd5 5. Bg2 Nc7 6. d3 e5 7. Nh3 Be7 8. f4 exf4 9. Nxf4 O-O 10. O-O Nc6 11. Be3 Bd7 12. Qd2 Rb8 13. Rac1 Re8 14. Nfd5 Nxd5 15. Bxd5 Rf8 16. Rf2 b6 17. Rcf1 Be8 18. a3 Rc8 19. Ba2 Ne5 20. Rf5 Ng4 21. Nd5 Nxe3 22. Qxe3 Bd6 23. Nf6+ 1-0

[Event "Elgoibar"]
[Site "Elgoibar ESP"]
[Date "1995.??.??"]
[Round "1"]
[White "Kosten, Anthony C"]
[Black "De la Villa Garcia, Jesus Maria"]
[Result "1/2-1/2"]
[WhiteElo "2540"]
[BlackElo "2500"]
[PlyCount "47"]
[EventDate "1995.11.??"]
[Source "www.chesslib.no"]
[SourceDate "2004.05.04"]

1. c4 c5 2. Nc3 Nf6 3. g3 d5 4. cxd5 Nxd5 5. Bg2 Nc7 6. d3 e5 7. Nh3 Be7 8. f4 Nc6 9. O-O exf4 10. Nxf4 O-O 11. Be3 Nd4 12. Rc1 Rb8 13. Nfd5 Nxd5 14. Nxd5 Be6 15. Nxe7+ Qxe7 16. Bxd4 cxd4 17. Qa4 b6 18. Qxd4 Bxa2 19. Be4 Rbd8 20. Qe3 g6 21. Qf2 Bd5 22. Bf3 Bxf3 23. Qxf3 Rd7 24. Rc4 1/2-1/2

[Event "Buenos Aires Najdorf"]
[Site "Buenos Aires"]
[Date "1995.??.??"]
[Round "11"]
[White "Van Wely, Loek"]
[Black "Giardelli, Sergio C"]
[Result "1-0"]
[WhiteElo "2585"]
[BlackElo "2445"]
[PlyCount "47"]
[EventDate "1995.07.??"]
[Source "ChessBase"]

1. c4 c5 2. Nc3 Nf6 3. g3 g6 4. Bg2 Bg7 5. Nf3 O-O 6. d4 cxd4 7. Qxd4 Nc6 8. Qh4 Qa5 9. O-O Ne5 10. Nd5 Nxd5 11. cxd5 Nxf3+ 12. Bxf3 Re8 13. d6 exd6 14. Rd1 d5 15. Bh6 Bxb2 16. Rab1 Bg7 17. Bxd5 d6 18. Bxg7 Kxg7 19. Bxf7 Rxe2 20. Bd5 Qc5 21. Qf4 Re7 22. Rbc1 Qb6 23. Re1 Qd8 24. Qd4+ 1-0

[Event "TCh-YUG, Herceg Novi YUG"]
[Site "?"]
[Date "2001.??.??"]
[Round "3"]
[White "Damljanovic, B."]
[Black "Perunovic, Mil"]
[Result "0-1"]
[WhiteElo "2545"]
[BlackElo "2475"]
[PlyCount "156"]
[EventDate "2001.??.??"]
[Source "www.chesslib.no"]
[SourceDate "2004.05.04"]

1. c4 c5 2. Nc3 Nf6 3. g3 d5 4. cxd5 Nxd5 5. Bg2 Nc7 6. b3 e5 7. Bb2 Be7 8. Rc1 O-O 9. Nf3 f6 10. O-O Nc6 11. Ne1 Bd7 12. Nd3 Rc8 13. f4 exf4 14. Nxf4 Kh8 15. e3 Ne6 16. Nfd5 Bd6 17. Ne4 Be5 18. Ba3 b6 19. b4 f5 20. Nec3 cxb4 21. Nxb4 Bd6 22. Bxc6 Bxc6 23. Nxc6 Rxc6 24. Bxd6 Qxd6 25. Qe2 Rcc8 26. Rc2 Ng5 27. Rfc1 h6 28. Qg2 Qg6 29. Kh1 Ne4 30. Nxe4 Rxc2 31. Rxc2 fxe4 32. Rc1 b5 33. Qe2 a6 34. Rf1 Rxf1+ 35. Qxf1 Qf6 36. Qb1 Qf2 37. Qc1 a5 38. h4 b4 39. Qc8+ Kh7 40. Qc2 Qf1+ 41. Kh2 Qe2+ 42. Kg1 Qd3 43. Qc6 Qb1+ 44. Kf2 Qh1 45. Qd6 h5 46. Ke2 Qf3+ 47. Ke1 a4 48. Qxb4 Qxg3+ 49. Kd1 Qxh4 50. Qxa4 Qg4+ 51. Kc2 h4 52. Qb5 h3 53. Qe5 Kh6 54. a4 Qg2 55. Qf4+ g5 56. Qf8+ Kh5 57. a5 h2 58. a6 h1=Q 59. a7 Qgg1 60. Qh8+ Kg4 61. Qxh1 Qxh1 62. a8=Q Kg3 63. Qb8+ Kf2 64. d4 exd3+ 65. Kd2 Qe1+ 66. Kxd3 Qxe3+ 67. Kc2 g4 68. Qh2+ Kf1 69. Qh1+ Qg1 70. Qh5 Qg2+ 71. Kc1 Kg1 72. Kd1 Qf1+ 73. Kd2 Qf2+ 74. Kd1 g3 75. Qh7 g2 76. Qe4 Qg3 77. Qd4+ Kh2 78. Qh8+ Qh3 0-1

[Event "Hastings 9192"]
[Site "Hastings"]
[Date "1991.??.??"]
[Round "7"]
[White "Suetin, Alexey S"]
[Black "Chandler, Murray G"]
[Result "1/2-1/2"]
[WhiteElo "2405"]
[BlackElo "2605"]
[PlyCount "66"]
[EventDate "1991.12.??"]
[Source "ChessBase"]

1. c4 c5 2. Nc3 Nf6 3. g3 d5 4. cxd5 Nxd5 5. Bg2 Nc7 6. d3 e5 7. Be3 Be7 8. Qb3 Nd7 9. Nf3 O-O 10. O-O Rb8 11. Rac1 b6 12. Nd2 Nf6 13. Nde4 Be6 14. Nxf6+ Bxf6 15. Qa4 a5 16. a3 Be7 17. f4 exf4 18. Bxf4 Bg5 19. Qc6 Bxf4 20. Rxf4 Qe7 21. Rcf1 h6 22. h4 Rfd8 23. Qe4 Rd7 24. Qc6 b5 25. R4f2 c4 26. dxc4 bxc4 27. e4 Qd6 28. Qxd6 Rxd6 29. Nd5 Rd7 30. Rc1 Nxd5 31. exd5 Bxd5 32. Bxd5 Rxd5 33. Rxc4 Rb7 1/2-1/2

[Event "Sao Paulo zt"]
[Site "Sao Paulo BRA"]
[Date "1989.11.??"]
[Round "10"]
[White "Sunye Neto, Jaime"]
[Black "Milos, Gilberto"]
[Result "1-0"]
[WhiteElo "2480"]
[BlackElo "2510"]
[PlyCount "97"]
[EventDate "1989.??.??"]
[Source "www.chesslib.no"]
[SourceDate "2004.05.04"]

1. c4 c5 2. Nc3 Nf6 3. g3 d5 4. cxd5 Nxd5 5. Bg2 Nc7 6. a3 g6 7. h4 h6 8. d3 Bg7 9. Bd2 Nc6 10. Rb1 O-O 11. Qc1 Kh7 12. Ne4 c4 13. h5 g5 14. Qxc4 Be6 15. Qc1 Ba2 16. Nf3 Bxb1 17. Qxb1 f5 18. Nc5 b6 19. Nb3 Qd7 20. d4 Rac8 21. O-O Kh8 22. e4 e6 23. Rc1 fxe4 24. Qxe4 Nd5 25. Bh3 Rce8 26. Ne5 Nxe5 27. dxe5 Qf7 28. Be1 Qf3 29. Qxf3 Rxf3 30. Bxe6 Rxe6 31. Nd4 Rxg3+ 32. fxg3 Rxe5 33. Bf2 Re4 34. Rd1 Ne7 35. b3 Re5 36. Rc1 Rd5 37. Nc6 Nxc6 38. Rxc6 Rd7 39. a4 Kg8 40. b4 Kf7 41. a5 bxa5 42. bxa5 g4 43. Ra6 Bc3 44. Be3 Be1 45. Kg2 Bd2 46. Bxa7 Rd5 47. Bb6 Rb5 48. Ra7+ Ke6 49. Ra8 1-0

[Event "Moscow RUS"]
[Site "?"]
[Date "1965.??.??"]
[Round "?"]
[White "Balashov Yuri S"]
[Black "Rashkovsky Nukhim N"]
[Result "1/2-1/2"]
[WhiteElo "2469"]
[BlackElo "2519"]
[PlyCount "108"]
[EventDate "1965.??.??"]
[Source "www.chesslib.no"]
[SourceDate "2004.05.04"]

1. c4 c5 2. Nc3 Nf6 3. g3 d5 4. cxd5 Nxd5 5. Bg2 Nc7 6. d3 e5 7. Qb3 Nc6 8. Bxc6+ bxc6 9. Nf3 f6 10. Be3 Bd7 11. O-O Ne6 12. Na4 Rb8 13. Qc4 Rb4 14. Qc2 Rb5 15. Rfc1 Be7 16. Nd2 Nd4 17. Qd1 O-O 18. Ne4 Bg4 19. f3 f5 20. Nec3 f4 21. Bxd4 Qxd4+ 22. Kg2 Rb4 23. Qg1 Be6 24. Qxd4 cxd4 25. a3 Rb3 26. Ne4 Bd5 27. Nd2 Rbb8 28. Nc4 fxg3 29. hxg3 Bf6 30. b4 g5 31. Nc5 Rf7 32. Nd6 Rg7 33. Nf5 Rg6 34. g4 Re8 35. a4 Bd8 36. Ne4 Be7 37. Rab1 Bf8 38. b5 Bxe4 39. fxe4 Rb8 40. bxc6 Rxb1 41. Rxb1 Rxc6 42. Rb5 Rc5 43. Kf2 Rxb5 44. axb5 Kf7 45. Ke1 Kf6 46. Kd1 h5 47. gxh5 g4 48. Ke1 Kg5 49. Kf2 Kxh5 50. Kg3 Kg5 51. e3 Bc5 52. exd4 Bxd4 53. Ne7 Bc3 54. Nc6 Bd4 1/2-1/2

[Event "Tch-RUS (club) (1 liga)"]
[Site "Sochi"]
[Date "2004.04.26"]
[Round "7.7"]
[White "Sorokin, Maxim"]
[Black "Sergienko, Sergey"]
[Result "1/2-1/2"]
[WhiteElo "2583"]
[BlackElo "2404"]
[PlyCount "120"]
[EventDate "2004.04.20"]
[Source "Roberto Alvarez"]
[SourceDate "2004.05.03"]

1. c4 c5 2. Nc3 Nf6 3. g3 d5 4. cxd5 Nxd5 5. Bg2 Nc7 6. Qa4+ Qd7 7. b3 e5 8. Ba3 Be7 9. Rc1 O-O 10. Qe4 Qd6 11. Na4 b6 12. Nf3 Nd7 13. b4 cxb4 14. Bxb4 Qxb4 15. Qxb4 Bxb4 16. Rxc7 e4 17. Nd4 Nf6 18. Rc4 Bd6 19. Nc3 Bd7 20. Bxe4 Rac8 21. Rxc8 Rxc8 22. Bf5 Be5 23. Bxd7 Nxd7 24. e3 Bxd4 25. exd4 Rc4 26. d5 b5 27. a3 a6 28. Kd1 Kf8 29. Re1 Nf6 30. f3 Rc5 31. Re5 g6 32. Kc2 Nd7 33. Re4 Nb6 34. Kb3 Rc8 35. Kb4 Nc4 36. Re2 Rb8 37. a4 Nd6 38. Kc5 Nf5 39. axb5 axb5 40. Re4 Rc8+ 41. Kb4 Nd6 42. Rh4 Ke7 43. Rxh7 Rc4+ 44. Kb3 Rd4 45. Kc2 Nc4 46. Nb1 Rxd5 47. Rh4 f5 48. d4 Rd8 49. Kc3 Nd6 50. Nd2 Rc8+ 51. Kd3 Ke6 52. g4 b4 53. gxf5+ Nxf5 54. Re4+ Kf6 55. Nc4 Rh8 56. d5 Rxh2 57. Re6+ Kg5 58. Rb6 Rh4 59. Rxb4 Rd4+ 60. Kc3 Rxd5 1/2-1/2

[Event "FRA Team Ch"]
[Site "France"]
[Date "1994.??.??"]
[Round "?"]
[White "Kosten, Anthony C"]
[Black "Efimov, Igor"]
[Result "1/2-1/2"]
[WhiteElo "2515"]
[BlackElo "2465"]
[PlyCount "33"]
[EventDate "1994.??.??"]
[Source "www.chesslib.no"]
[SourceDate "2004.05.04"]

1. c4 c5 2. Nc3 Nf6 3. g3 g6 4. Bg2 Bg7 5. e3 O-O 6. Nge2 Nc6 7. d4 cxd4 8. exd4 d6 9. O-O Bd7 10. b3 Qc8 11. d5 Nb4 12. a3 Na6 13. Be3 Bh3 14. Rc1 Bxg2 15. Kxg2 Nc5 16. b4 Ncd7 17. Qb3 1/2-1/2

[Event "Komercni Banka Open"]
[Site "?"]
[Date "1999.07.21"]
[Round "6"]
[White "Jirovsky Milos"]
[Black "Gretarsson Helgi Ass"]
[Result "1/2-1/2"]
[WhiteElo "2458"]
[BlackElo "2521"]
[PlyCount "88"]
[EventDate "1999.??.??"]
[Source "www.chesslib.no"]
[SourceDate "2004.05.04"]

1. c4 c5 2. Nc3 Nf6 3. g3 d5 4. cxd5 Nxd5 5. Bg2 Nc7 6. a3 Nc6 7. Nf3 e5 8. b4 f6 9. bxc5 Bxc5 10. O-O O-O 11. a4 Be6 12. d3 Rf7 13. Ne4 Bf8 14. Be3 Nd5 15. Bd2 Rc8 16. a5 Rfc7 17. Qa4 Qd7 18. Rfb1 Ncb4 19. Qxd7 Bxd7 20. Rb3 f5 21. Nxe5 fxe4 22. Nxd7 Nc2 23. Bxe4 Rxd7 24. Rc1 Rc5 25. e3 Nf6 26. Bxb7 Rcc7 27. a6 Na3 28. Ra1 Nc4 29. Bc3 Rxd3 30. Rab1 Nd2 31. Bxd2 Rxd2 32. e4 Bc5 33. Rf3 Re7 34. Rc1 Bb6 35. Rc8+ Kf7 36. h4 Kg6 37. Rc6 Bd4 38. g4 h6 39. Kg2 Kh7 40. g5 Rxe4 41. gxf6 Ree2 42. f7 Rxf2+ 43. Rxf2 Rxf2+ 44. Kh3 Rxf7 1/2-1/2

[Event "Clarin"]
[Site "Buenos Aires"]
[Date "1979.??.??"]
[Round "9"]
[White "Panno, Oscar"]
[Black "Rubinetti, Jorge A"]
[Result "1-0"]
[WhiteElo "2545"]
[BlackElo "2430"]
[PlyCount "79"]
[EventDate "1979.11.??"]
[Source "www.chesslib.no"]
[SourceDate "2004.05.04"]

1. c4 c5 2. Nc3 Nf6 3. g3 d5 4. cxd5 Nxd5 5. Bg2 Nc7 6. Qb3 Nd7 7. Nf3 e6 8. O-O Be7 9. d4 cxd4 10. Nxd4 Nc5 11. Qc4 e5 12. Ndb5 Nxb5 13. Qxb5+ Bd7 14. Qc4 Be6 15. Nd5 O-O 16. Rd1 Bd6 17. Be3 Rc8 18. b4 Na4 19. Qb5 Nb2 20. Rdc1 b6 21. Rab1 Bd7 22. Qa6 Rxc1+ 23. Bxc1 Na4 24. Qxa7 b5 25. e4 Be6 26. Bd2 Qb8 27. Qxb8 Rxb8 28. Rc1 Rc8 29. Rxc8+ Bxc8 30. Bf1 Bd7 31. f4 f6 32. Kf2 Kf7 33. f5 Bc6 34. a3 Bb8 35. Bd3 Ba7+ 36. Be3 Bxe3+ 37. Kxe3 Nb2 38. Be2 Na4 39. Kd2 Ke8 40. Bxb5 1-0

[Event "Chpp"]
[Site "Chpp"]
[Date "1980.??.??"]
[Round "?"]
[White "Evans, Larry M"]
[Black "Diesen, Mark C"]
[Result "1/2-1/2"]
[WhiteElo "2520"]
[BlackElo "2435"]
[PlyCount "24"]
[EventDate "1980.??.??"]
[Source "www.chesslib.no"]
[SourceDate "2004.05.04"]

1. c4 c5 2. Nc3 Nf6 3. g3 d5 4. cxd5 Nxd5 5. Bg2 Nc7 6. Nf3 Nc6 7. d3 e5 8. Bd2 Be7 9. O-O O-O 10. a3 Be6 11. Rc1 f6 12. Ne4 Na6 1/2-1/2

[Event "ESP Ch"]
[Site "ESP"]
[Date "1993.??.??"]
[Round "4"]
[White "San Segundo Carrillo, Pablo"]
[Black "Magem Badals, Jordi"]
[Result "1/2-1/2"]
[WhiteElo "2440"]
[BlackElo "2510"]
[PlyCount "159"]
[EventDate "1993.08.??"]
[Source "www.chesslib.no"]
[SourceDate "2004.05.04"]

1. c4 c5 2. Nc3 Nf6 3. g3 d5 4. cxd5 Nxd5 5. Bg2 Nc7 6. Qa4+ Bd7 7. Qb3 Bc6 8. Bxc6+ Nxc6 9. Qxb7 Nd4 10. Qe4 f5 11. Qb1 Qd7 12. Nf3 Nxf3+ 13. exf3 g6 14. Qc2 Ne6 15. Ne2 Qd5 16. d3 Qxf3 17. O-O Bg7 18. Be3 Kf7 19. Qc4 Qxe2 20. Rae1 Qxb2 21. Bh6 Be5 22. Bf4 Qd4 23. Rxe5 Qxc4 24. dxc4 Rhd8 25. Be3 Rac8 26. Rb1 Rd6 27. Rb7 Ra6 28. Rd5 Rxa2 29. Rdd7 Re8 30. Rxa7 Rxa7 31. Rxa7 Rb8 32. Ra5 Rb4 33. Bxc5 Rxc4 34. Ba3 Rc7 35. Kg2 Nd4 36. Bb2 Rd7 37. Bxd4 Rxd4 38. h4 Rd2 39. h5 Kf6 40. Ra6+ Rd6 41. Ra8 gxh5 42. Rf8+ Kg6 43. f4 e6 44. Rg8+ Kh6 45. Kh3 Rd2 46. Re8 Re2 47. Rg8 h4 48. g4 Re4 49. gxf5 exf5 50. Kxh4 Rxf4+ 51. Kg3 Ra4 52. Kf3 Kh5 53. Rg1 Rg4 54. Rh1+ Kg6 55. Ra1 Kg5 56. Ra7 h5 57. Rg7+ Kh4 58. Rf7 Kg5 59. Rg7+ Kf6 60. Ra7 Rg7 61. Ra6+ Kg5 62. Ra8 h4 63. Rb8 Rg6 64. Ra8 h3 65. Kg3 Rh6 66. Kh2 f4 67. Ra1 Kg4 68. Rg1+ Kf3 69. Rf1+ Ke3 70. Ra1 Kf2 71. Rb1 Re6 72. Kxh3 Re3+ 73. Kh2 f3 74. Ra1 Re1 75. Ra2+ Re2 76. Ra1 Re1 77. Ra2+ Ke3 78. Ra3+ Kf4 79. Ra4+ Re4 80. Ra8 1/2-1/2

[Event "Buenos Aires Najdorf"]
[Site "Buenos Aires"]
[Date "1995.??.??"]
[Round "7"]
[White "Giardelli, Sergio C"]
[Black "Spangenberg, Hugo"]
[Result "1/2-1/2"]
[WhiteElo "2445"]
[BlackElo "2490"]
[PlyCount "56"]
[EventDate "1995.07.??"]
[Source "ChessBase"]

1. c4 c5 2. Nc3 Nf6 3. g3 d5 4. cxd5 Nxd5 5. Bg2 Nc7 6. d3 e5 7. Be3 Be7 8. Rc1 Ne6 9. Qb3 Nd7 10. Nf3 O-O 11. O-O Re8 12. Nd2 Nd4 13. Qd5 Bf8 14. Nc4 Qe7 15. Bxd4 exd4 16. Ne4 Nf6 17. Nxf6+ Qxf6 18. e4 Rb8 19. e5 Qe6 20. Nd6 Bxd6 21. exd6 b6 22. b4 Qxd5 23. Bxd5 Bh3 24. Bg2 Bxg2 25. Kxg2 Rbd8 26. bxc5 bxc5 27. Rxc5 Rxd6 28. Re1 Kf8 1/2-1/2

[Event "Tch (Men) 2005/2006 FRA"]
[Site "?"]
[Date "2006.02.04"]
[Round "2"]
[White "Pelletier Yannick"]
[Black "Dourerassou Jonathan"]
[Result "1-0"]
[WhiteElo "2579"]
[BlackElo "2354"]
[PlyCount "85"]
[EventDate "2006.??.??"]
[Source "www.chesslib.no"]
[SourceDate "2004.05.04"]

1. c4 c5 2. Nc3 Nf6 3. g3 d5 4. cxd5 Nxd5 5. Bg2 Nc7 6. Qa4+ Qd7 7. Nf3 Nc6 8. O-O e5 9. a3 f6 10. e3 Be7 11. Rd1 Ne6 12. Rb1 Rb8 13. b4 b5 14. Qc2 cxb4 15. Na2 bxa3 16. d4 exd4 17. exd4 Ncxd4 18. Nxd4 Nxd4 19. Qe4 Qe6 20. Qxd4 Qxa2 21. Bf4 Rb6 22. Bc7 Re6 23. Bd5 Qc2 24. Rdc1 Qf5 25. Rxb5 O-O 26. Bc4 Qh3 27. Re1 Kh8 28. Bxe6 Bxe6 29. Qe4 a2 30. Ra5 Rc8 31. Bf4 Bd8 32. Rh5 Qxh5 33. Qxe6 a1=Q 34. Rxa1 Rc2 35. Re1 g5 36. Qd7 Re2 37. Qxd8+ Kg7 38. Qd7+ Kh6 39. Rxe2 Qxe2 40. Be3 a5 41. h4 Qa6 42. hxg5+ fxg5 43. Qf5 1-0

[Event "Makarczyk Memorial"]
[Site "Lodz POL"]
[Date "1978.??.??"]
[Round "15"]
[White "Lukacs, Peter"]
[Black "Barczay, Laszlo"]
[Result "1/2-1/2"]
[WhiteElo "2460"]
[BlackElo "2465"]
[PlyCount "25"]
[EventDate "1978.04.??"]
[Source "www.chesslib.no"]
[SourceDate "2004.05.04"]

1. c4 c5 2. Nc3 Nf6 3. g3 g6 4. Nf3 Bg7 5. Bg2 e6 6. O-O Nc6 7. d3 O-O 8. Bg5 h6 9. Bd2 d6 10. a3 Kh7 11. Rb1 Rb8 12. Qc1 b6 13. b4 1/2-1/2

[Event "NED Ch"]
[Site "Hilversum NED"]
[Date "1984.??.??"]
[Round "8"]
[White "Ree, Hans"]
[Black "Bohm, Hans"]
[Result "1-0"]
[WhiteElo "2480"]
[BlackElo "2415"]
[PlyCount "101"]
[EventDate "1984.??.??"]
[Source "www.chesslib.no"]
[SourceDate "2004.05.04"]

1. c4 c5 2. Nc3 Nf6 3. g3 d5 4. cxd5 Nxd5 5. Bg2 Nc7 6. d3 e5 7. Qb3 Nc6 8. Bxc6+ bxc6 9. Nf3 f6 10. Ne4 Ne6 11. Qa4 Qb6 12. Nfd2 Bd7 13. O-O Qb4 14. Qd1 f5 15. Nc3 Be7 16. Nc4 Qb8 17. b3 O-O 18. Bb2 g5 19. Rc1 g4 20. Na4 Nd4 21. Nd2 Qb4 22. Rc4 Qa5 23. Bc3 Qb5 24. e3 Be6 25. exd4 cxd4 26. Bb2 Bxc4 27. Nxc4 Rae8 28. Qe2 Bb4 29. a3 Bc5 30. Rc1 Re6 31. Ne3 Bb6 32. Nxf5 h5 33. Nxd4 Bxd4 34. Bxd4 Qd5 35. Nc5 Re7 36. Be3 Rf3 37. b4 Kg7 38. Ne4 Rd7 39. Rc3 a5 40. bxa5 Qxa5 41. Qb2 Rf5 42. Nc5 Re7 43. Rc1 Qd8 44. a4 Kh7 45. Ra1 h4 46. gxh4 Ref7 47. Ne6 Qxh4 48. Qb4 Kg6 49. Qe4 R7f6 50. Nc5 Rf7 51. Qxc6+ 1-0

[Event "CXG Int"]
[Site "Rio de Janeiro BRA"]
[Date "2007.09.08"]
[Round "3"]
[White "Galego, L."]
[Black "Hernandez, Gu DOM"]
[Result "1-0"]
[WhiteElo "2524"]
[BlackElo "2370"]
[PlyCount "151"]
[EventDate "2007.09.05"]
[Source "www.chesslib.no"]
[SourceDate "2004.05.04"]

1. c4 c5 2. Nc3 Nf6 3. g3 e6 4. Bg2 d5 5. d3 Nc6 6. cxd5 Nxd5 7. Nf3 Be7 8. O-O O-O 9. Bd2 b6 10. a3 Bb7 11. Qa4 a6 12. Rfc1 Rc8 13. Nxd5 Qxd5 14. Bc3 b5 15. Qg4 g6 16. Qf4 f6 17. Qh6 Nd4 18. Bxd4 cxd4 19. Ne1 Qd7 20. Bxb7 Qxb7 21. Qf4 Qd5 22. Nf3 e5 23. Qd2 Kf7 24. Rc2 Qb7 25. Rac1 Rfd8 26. h4 h5 27. Qd1 Qd7 28. Nd2 Qe6 29. a4 Kf8 30. axb5 axb5 31. Kg2 Qd5+ 32. Nf3 Qe6 33. Qd2 Kg7 34. Qa5 Rxc2 35. Rxc2 Qd5 36. Qc7 Rd7 37. Qc6 Qxc6 38. Rxc6 Rb7 39. Nd2 Kf7 40. Kf3 f5 41. Kg2 Bf6 42. Nf3 e4 43. Nd2 exd3 44. exd3 Re7 45. Kf1 Rd7 46. Rc5 Rb7 47. Nf3 Ke6 48. Rc6+ Kf7 49. Ke2 Re7+ 50. Kd2 Re6 51. Rc5 Rb6 52. Rc8 Ke6 53. Kd1 f4 54. Nd2 fxg3 55. fxg3 Be5 56. Ne4 Kf5 57. Rc5 Ke6 58. Ke2 b4 59. Kf3 b3 60. Ra5 Bf6 61. Nd2 Be7 62. Nc4 Rb8 63. Ke4 Re8 64. Ra6+ Kd7 65. Ne5+ Kc7 66. Rxg6 Ba3 67. Rg7+ Kb6 68. Kf5 Rxe5+ 69. Kxe5 Bxb2 70. Rg6+ Kb5 71. g4 hxg4 72. Rxg4 Bc1 73. Rg8 Be3 74. Rb8+ Ka4 75. Kd5 Ka3 76. Kc4 1-0

[Event "Slovenian Teams"]
[Site "?"]
[Date "1998.11.11"]
[Round "5"]
[White "Mohr Georg"]
[Black "Polajzer Danilo"]
[Result "1/2-1/2"]
[WhiteElo "2470"]
[BlackElo "2420"]
[PlyCount "74"]
[EventDate "1998.??.??"]
[Source "www.chesslib.no"]
[SourceDate "2004.05.04"]

1. c4 c5 2. Nc3 Nf6 3. g3 d5 4. cxd5 Nxd5 5. Bg2 Nc7 6. Nf3 Nc6 7. a3 g6 8. b4 Bg7 9. bxc5 Ne6 10. O-O Nxc5 11. Bb2 O-O 12. d3 Be6 13. Ng5 Bb3 14. Qd2 Qa5 15. Nge4 Nxe4 16. Nxe4 Qxd2 17. Nxd2 Bxb2 18. Rab1 Bxa3 19. Rxb3 Bb4 20. Bxc6 Bxd2 21. Rxb7 Bg5 22. Ra1 Rac8 23. Bf3 Rfd8 24. Rbxa7 Kf8 25. Kg2 Rc2 26. R1a5 Bf6 27. g4 h6 28. Ra2 Rxa2 29. Rxa2 Kg7 30. Be4 Rb8 31. e3 Rb2 32. Ra7 Bh4 33. Kh3 Bxf2 34. Rxe7 Kf6 35. Rd7 Ke6 36. Rd8 Bxe3 37. Re8+ Kf6 1/2-1/2

[Event "Siauliai"]
[Site "Siauliai"]
[Date "1995.??.??"]
[Round "4"]
[White "Kaunas, Kestutis"]
[Black "Zhuravliov, Valerij"]
[Result "1/2-1/2"]
[WhiteElo "2415"]
[BlackElo "2475"]
[PlyCount "23"]
[EventDate "1995.??.??"]
[Source "www.chesslib.no"]
[SourceDate "2004.05.04"]

1. c4 c5 2. Nc3 Nf6 3. g3 d5 4. cxd5 Nxd5 5. Bg2 Nc7 6. Nf3 Nc6 7. O-O e5 8. d3 Be7 9. Be3 O-O 10. Qd2 f6 11. Ne1 Nd4 12. f4 1/2-1/2

[Event "Sarajevo"]
[Site "Sarajevo"]
[Date "1972.??.??"]
[Round "6"]
[White "Bukal, Vladimir Sr"]
[Black "Tatai, Stefano"]
[Result "1/2-1/2"]
[WhiteElo "2425"]
[BlackElo "2460"]
[PlyCount "42"]
[EventDate "1972.??.??"]
[Source "ChessBase"]

1. c4 c5 2. Nc3 Nf6 3. g3 g6 4. Bg2 Bg7 5. e3 d6 6. Nge2 O-O 7. O-O Nbd7 8. d4 a6 9. a3 Qc7 10. b3 Rb8 11. Bb2 b5 12. Nd5 Nxd5 13. cxd5 b4 14. Qc2 Qb6 15. dxc5 Qxc5 16. Qxc5 Nxc5 17. Bxg7 Kxg7 18. Nd4 Bd7 19. Rfb1 bxa3 20. Rxa3 Rb6 21. Bf1 Rfb8 1/2-1/2

[Event "Tch (Men) 2005/2006 FRA"]
[Site "?"]
[Date "2006.04.02"]
[Round "7"]
[White "Pelletier Yannick"]
[Black "Berthelot Yannick"]
[Result "1-0"]
[WhiteElo "2579"]
[BlackElo "2306"]
[PlyCount "53"]
[EventDate "2006.??.??"]
[Source "www.chesslib.no"]
[SourceDate "2004.05.04"]

1. c4 c5 2. Nc3 Nf6 3. g3 d5 4. cxd5 Nxd5 5. Bg2 Nc7 6. Qa4+ Qd7 7. Nf3 Nc6 8. O-O g6 9. Qc4 Ne6 10. Ne4 Bg7 11. Nxc5 Nxc5 12. Qxc5 O-O 13. d3 Qf5 14. Qxf5 Bxf5 15. Rb1 Rac8 16. Bd2 Be6 17. b3 a5 18. a3 b5 19. Ng5 Bg4 20. Bf3 Bxf3 21. Nxf3 a4 22. bxa4 bxa4 23. Rfc1 e6 24. Rc4 Ne5 25. Nxe5 Bxe5 26. Rbb4 Rxc4 27. Rxc4 1-0

[Event "EUCup qual"]
[Site "GER"]
[Date "1989.??.??"]
[Round "?"]
[White "Bischoff, Klaus"]
[Black "Stein, Bernd"]
[Result "1-0"]
[WhiteElo "2505"]
[BlackElo "2375"]
[PlyCount "71"]
[EventDate "1989.??.??"]
[Source "ChessBase"]
[SourceDate "1999.07.01"]

1. c4 c5 2. Nc3 Nf6 3. g3 d5 4. cxd5 Nxd5 5. Bg2 Nc7 6. b3 e5 7. Bb2 Be7 8. Rc1 O-O 9. Nh3 Be6 10. f4 Qd7 11. Nf2 exf4 12. gxf4 Nc6 13. Nce4 b6 14. Rg1 f6 15. Bf1 Rad8 16. Rc3 Nd4 17. Rcg3 Nf5 18. Rd3 Qc8 19. Rxd8 Qxd8 20. e3 Qd7 21. Bd3 b5 22. Bb1 c4 23. Qh5 Qe8 24. Qh3 Qf7 25. Ng3 Nh6 26. f5 Bc8 27. Nh5 Ne8 28. Nxg7 Nxg7 29. Qxh6 Kh8 30. bxc4 bxc4 31. e4 Re8 32. Ng4 Bxf5 33. Nxf6 Bxf6 34. Qxf6 Qxf6 35. Bxf6 Bg6 36. h4 1-0

[Event "ROM-chT"]
[Site "?"]
[Date "1998.??.??"]
[Round "1"]
[White "Bogdan Dan"]
[Black "Cosma Ioan"]
[Result "1-0"]
[WhiteElo "2400"]
[BlackElo "2475"]
[PlyCount "85"]
[EventDate "1998.??.??"]
[Source "www.chesslib.no"]
[SourceDate "2004.05.04"]

1. c4 c5 2. Nc3 Nf6 3. g3 e6 4. Bg2 d5 5. Nf3 d4 6. Na4 Nc6 7. O-O Be7 8. d3 O-O 9. a3 Bd7 10. Rb1 e5 11. b4 cxb4 12. axb4 e4 13. Ng5 e3 14. fxe3 Ng4 15. Nf3 Nxe3 16. Bxe3 dxe3 17. b5 Na5 18. Qc1 Re8 19. Qxe3 Bf6 20. Qf2 b6 21. Kh1 Rc8 22. Nd2 Be6 23. Ne4 Be7 24. Nec3 Qd7 25. Nd5 Bf8 26. Nac3 h6 27. Nf4 Bc5 28. Qe1 Bg4 29. Ncd5 Be3 30. Bf3 Bxf3+ 31. Rxf3 Bxf4 32. Rxf4 Nb7 33. Qf2 Nc5 34. Rf1 Rf8 35. Qf3 f6 36. Qh5 Ne6 37. Qg4 Kh8 38. Re4 Rfe8 39. Nxf6 Qf7 40. Qh5 Qxh5 41. Nxh5 Nc5 42. Rxe8+ Rxe8 43. Rf2 1-0